000 00502nam a2200181Ia 4500
008 230711s9999||||xx |||||||||||||| ||und||
020 _a978-81-8128-474-7
041 _aENG
082 _a541.7
_bBO-E
100 _aBockris, John O'M
245 0 _aModern elecroChemistry ( elecrodics in Chemistry,engineering,biology,and environmental science)
250 _a2nd . Ed.
260 _c2006
_aNew Delhi
_bSpringer
300 _a2053
650 _aChemistry
700 _aReddy, Amulya K.N
942 _cBK
999 _c5464
_d5464